000 00524nam a22002057a 4500
003 OSt
005 20140310181938.0
008 130724t xxu||||| |||| 00| 0 eng d
020 _a0451523326
050 _aPR 4167
_b.B869 1960
082 _aCLA
_bB78j 1982
100 _aBronte, Charlotte
_93109
245 _aJane Eyre /
_cCharlotte Bronte.
260 _aUSA :
_bSignet Classic,
_c1960.
300 _a461 p. ;
_c18 cm.
541 _j1
562 _e1
700 _aBronte, Charlotte
_93109
942 _2lcc
_cBBK
_kCLA
999 _c7596
_d7596